Responses for Show #8833 - Wednesday, March 22, 2023

Melissa Klapper game 3.

Contestants

[<< previous game]

Zach Wissner-Gross, a vice president of math curriculum from Roslyn Heights, New York

Karen Morris, a veterinary student from Christiansburg, Virginia

Melissa Klapper, a professor from Merion Station, Pennsylvania (whose 2-day cash winnings total $42,400)

[next game >>]

Jeopardy! Round responses

POSSESSIVE LIT
LONG-LIVED CRITTERS
AROUND THE HOUSE
4-LETTER SPORTS TERMS
APPLY THE RAINBOW COLOR
AT "LAST"
    $200 27
Rosemary

Zach
    $200 28
(Ken: Good, I'm glad you got some of these healthy critters.)

a parrot

Karen
    $200 29
the wine cellar

Karen
    $200 23
a call

Zach
    $200 30
yellow

Zach
    $200 26
(Ken: Outwit, Outplay, [*].)

Outlast

Karen
    $400 7
Lady Chatterley's Lover

Zach
    $400 20
a tortoise

Karen
    $400 21
a pantry

Zach
    $400 22
post

Zach
    $400 24
Orange Julius

Melissa
    $400 25
ballast

Zach
    $600 1
John Brown

Melissa
    $600 4
a trapdoor spider

Triple Stumper
    $600 17
(Ken: That's just [*] as in "Through the".)

a looking-glass

Triple Stumper
    $600 6
the back nine

Melissa
    $600 16
the Green Mountain Boys

Melissa
    $600 13
rhinoplasty

Karen
    $800 2
Portnoy

Melissa
    $800 5
a flamingo

Zach
    $800 9
recessed

Karen
    $800 8
(Zach: What is forward?)
...
(Karen: Not sports. Let's go AROUND THE HOUSE for $800.)

wing

KarenZach
    $1,500 12
(Melissa: What are the Blue Mountains?)

the Blue Ridge Mountains

Melissa
    $800 14
blast furnace

Zach
    $1000 3
Captain Corelli

Karen
    $1000 19
an albatross

Melissa
    $1000 10
laminate

Karen
    $1000 15
(Zach: What is... a win?)
...
(Ken: Kind of an obscure baseball stat, that's called [*].)

a hold

Zach
Triple Stumper
    $1000 11
indigo

Melissa
    $1000 18
an oblast

Karen

Scores at the first commercial break (after clue 15):

Melissa Karen Zach
$1,500 $4,200 $200

Scores at the end of the Jeopardy! Round:

Melissa Karen Zach
$3,500 $6,200 $2,000

Double Jeopardy! Round responses

1963
MAKING MUSIC
MOVE THAT T FROM FRONT TO BACK
(Ken: You'll have to give us both words.)
RESILIENCE
PLATEAUS
HANS, SOLO
    $400 23
JFK

Karen
    $400 22
Motown

Zach
    $400 30
ant & tan

Melissa
    $400 28
(Karen: What is silver?)

rubber

KarenZach
    $400 29
India

Zach
    $400 27
Hans Christian Andersen

Melissa
    $800 19
the Mona Lisa

Karen
    $800 26
(Ken: With less than a minute to play.)

a sample

Melissa
    $800 24
trio & riot

Karen
    $800 20
Australia

Karen
    $6,000 21
Bolivia

Karen
    $10,000 25
(Ken: Karen?)
(Karen: [No response])

Hans Holbein the Younger

Karen
    $1200 16
Koufax

Zach
    $1200 7
(Karen: What is a synthesizer?)

a drum machine

Karen
Triple Stumper
    $1200 18
thin & hint

Melissa
    $1200 13
coping

Karen
    $1200 1
the Mekong

Zach
    $1200 4
Hans Zimmer

Karen
    $1600 8
(Karen: What is Selma?)

Birmingham

MelissaKaren
    $1600 6
mixing

Triple Stumper
    $1600 17
opt & top

Zach
    $1600 14
(Melissa: What's Undefeated?)

Unbroken

MelissaKaren
    $1600 2
the Piedmont

Karen
    $1600 3
(Melissa: Who is Mahler? No.)

Hans von Bulow

Melissa
Triple Stumper
    $2000 9
Valentina Tereshkova

Triple Stumper
    $2000 10
[In the clue, "fun." was in all-lowercase.]

Antonoff

Melissa
    $2000 5
trap & rapt

Karen
    $2000 15
(Lula) da Silva

Melissa
    $2000 11
Wallonia

Triple Stumper
    $2000 12
(Hans) Krebs

Karen

Scores at the end of the Double Jeopardy! Round:

Melissa Karen Zach
$8,700 $11,400 $7,200

[wagering suggestions for these scores]

Final Jeopardy! Round responses

AMERICAN NOVELISTS
(Ken: [To Zach] Yes, Yohannan became Yossarian in [*]'s Catch-22.)
ZachWho is Keller Heller?
$0
MelissaWho is Heller?
$8,000
KarenWho is Hunter S. Thompson
$6,001
(Joseph) Heller

Final scores:

Melissa Karen Zach
$16,700 $5,399 $7,200
3-day champion: $59,100 3rd place: $1,000 2nd place: $2,000

Game dynamics:

Coryat scores:

Melissa Karen Zach
$10,200 $16,200 $7,200
14 R,
3 W
(including 1 DD)
21 R
(including 1 DD),
4 W
(including 1 DD)
15 R,
2 W

Combined Coryat: $33,600

[game clues] [game scores] [suggest correction]

Game tape date: 2023-01-10
The J! Archive is created by fans, for fans. Scraping, republication, monetization, and malicious use prohibited; this site may use cookies and collect identifying information. See terms. The Jeopardy! game show and all elements thereof, including but not limited to copyright and trademark thereto, are the property of Jeopardy Productions, Inc. and are protected under law. This website is not affiliated with, sponsored by, or operated by Jeopardy Productions, Inc. Join the discussion at JBoard.tv.